Village India : (Record no. 56874)
[ view plain ]
| 000 -LEADER | |
|---|---|
| fixed length control field | 00724nam a22002057a 4500 |
| 003 - CONTROL NUMBER IDENTIFIER | |
| control field | BD-DhIDS |
| 005 - DATE AND TIME OF LATEST TRANSACTION | |
| control field | 20260615103439.0 |
| 008 - FIXED-LENGTH DATA ELEMENTS--GENERAL INFORMATION | |
| fixed length control field | 260615b1955 us||||| |||| 00| 0 eng d |
| 040 ## - CATALOGING SOURCE | |
| Original cataloging agency | BD-DhIDS |
| Transcribing agency | BD-DhIDS |
| Modifying agency | BD-DhIDS |
| 041 ## - LANGUAGE CODE | |
| Language code of text/sound track or separate title | Eng |
| 082 ## - DEWEY DECIMAL CLASSIFICATION NUMBER | |
| Classification number | 301.353 In |
| Item number | MAR |
| 245 00 - TITLE STATEMENT | |
| Title | Village India : |
| Remainder of title | studies in the little community / |
| Statement of responsibility, etc. | McKim Marriott;ed. |
| 260 ## - PUBLICATION, DISTRIBUTION, ETC. | |
| Place of publication, distribution, etc. | Chicago : |
| Name of publisher, distributor, etc. | The University of Chicago Press, |
| Date of publication, distribution, etc. | 1955 |
| 300 ## - PHYSICAL DESCRIPTION | |
| Extent | xx, 269 p. : |
| Dimensions | 20 cm. |
| 504 ## - BIBLIOGRAPHY, ETC. NOTE | |
| Bibliography, etc. note | Includes bibliographical references and index. |
| 650 04 - SUBJECT ADDED ENTRY--TOPICAL TERM | |
| Topical term or geographic name entry element | Rural Settlements and Community Organization |
| General subdivision | Rural Sociology |
| Geographic subdivision | India |
| 650 04 - SUBJECT ADDED ENTRY--TOPICAL TERM | |
| Topical term or geographic name entry element | Communities |
| General subdivision | Demographics, and Village life |
| Geographic subdivision | Indi |
| 700 1# - ADDED ENTRY--PERSONAL NAME | |
| Personal name | Marriott, McKim |
| Relator code | editor |
| 942 ## - ADDED ENTRY ELEMENTS (KOHA) | |
| Source of classification or shelving scheme | |
| Koha item type | Books |
| Withdrawn status | Lost status | Source of classification or shelving scheme | Damaged status | Not for loan | Collection code | Permanent Location | Current Location | Date acquired | Full call number | Barcode | Date last seen | Copy number | Price effective from | Koha item type |
|---|---|---|---|---|---|---|---|---|---|---|---|---|---|---|
| Non-fiction | BIDS Library and Documentation Center | BIDS Library and Documentation Center | 2026-06-15 | 301.353 In MAR | 042104 | 2026-06-15 | C-01 | 2026-06-15 | Books |